LDR 00615naa#a2200169#i#450# 001 EN\\bibl\19968 005 20260701101905.3 100 ## _a20260630b2026####ek#y0engy0150####ca 102 ## _aRU 200 1# _aUSING BUSINESS WASTE IN DENSE STACKING DESIGN _eConference article/thesis 210 1# _aVoronezh _cFSBE Institution of Higher Education Voronezh State University of Forestry and Technologies named after G.F. Morozov _d2026 215 ## _a4 с. 608 ## _aConference article/thesis _2local 675 ## _aSolid modelling. 004.925.84 _z 700 #1 _aKushcheva _gI. Sergeevna 700 #1 _aKhukhryanskaya _gE. S. 856 4# _abibl.vgltu.ru _u